LEADER 01305cam2 2200253 450 001 E600200050451 005 20240717103017.0 100 $a20090619d1785 |||||ita|0103 ba 101 $aita 102 $aIT 200 1 $a<>Che contiene la lettera dell'Autore intorno al Saggio storico-apologetico della letteratura spagnuola dell'Ab. Lampillas, la risposta del medesimo, Fragmentum & c., e l'Indice Generale 210 $aRoma$cper Luigi Perego Salvioni Stampator Vaticano nell'Archiginnasio della Sapienza$d1785 215 $aXV, 367 p. 461 1$1001E600200050410$12001 $aStoria della letteratura italiana del cavaliere abate Girolamo Tiraboschi ... Tomo 1. [-10.]$v9 700 1$aTiraboschi$b, Girolamo$3A600200055464$4070$0181075 801 0$aIT$bUNISOB$c20240717$gRICA 850 $aUNISOB 852 $aUNISOB$j090$m23139 912 $aE600200050451 940 $aM 103 Monografia antica SBN 941 $aM 957 $a090$b000083$i-9$gCON$d23139$racquisto$1beth$2UNISOB$3UNISOB$420090619085809.0$520240717102052.0$6menle$fConsultabile previa autorizzazione 996 $aChe contiene la lettera dell'Autore intorno al Saggio storico-apologetico della letteratura spagnuola dell'Ab. Lampillas, la risposta del medesimo, Fragmentum & c., e l'Indice Generale$94173629 997 $aUNISOB